Catálogo
 En Linea

Actualidad estadística / (Registro nro. 59275)

Detalles MARC
000 -CABECERA
campo de control de longitud fija 01638nas a2200289 i 4500
003 - IDENTIFICADOR DEL NÚMERO DE CONTROL
campo de control DO-SdUA
005 - FECHA Y HORA DE LA ÚLTIMA TRANSACCIÓN
campo de control 20250613105829.0
007 - CAMPO FIJO DE DESCRIPCIÓN FÍSICA--INFORMACIÓN GENERAL
campo de control de longitud fija ta
008 - DATOS DE LONGITUD FIJA--INFORMACIÓN GENERAL
campo de control de longitud fija 250613e2012 dr u p|r || | spa d
035 ## - NÚMERO DE CONTROL DEL SISTEMA
Número de control de sistema (DO-SdUA)60478
040 ## - FUENTE DE LA CATALOGACIÓN
Centro catalogador/agencia de origen DO-SdUA
Lengua de catalogación spa
Centro/agencia transcriptor DO-SdUA
Centro/agencia modificador DO-SdBNP
Normas de descripción spa
041 0# - CÓDIGO DE LENGUA
Código de lengua del texto/banda sonora o título independiente spa
110 2# - ENTRADA PRINCIPAL--NOMBRE DE ENTIDAD CORPORATIVA
Nombre de entidad corporativa o nombre de jurisdicción como elemento de entrada Universidad Autónoma de Santo Domingo.
Unidad subordinada Facultad de Ciencias Económicas y Sociales.
-- Escuela de Estadística.
9 (RLIN) 88102
245 10 - MENCIÓN DE TÍTULO
Título Actualidad estadística /
Resto del título Escuela de Estadística de la UASD.
264 ## - PRODUCCIÓN, PUBLICACIÓN, DISTRIBUCIÓN, FABRICACIÓN Y COPYRIGHT
Producción, publicación, distribución, fabricación y copyright Santo Domingo, República Dominicana :
Nombre del de productor, editor, distribuidor, fabricante FCES,
Fecha de producción, publicación, distribución, fabricación o copyright 2012.
300 ## - DESCRIPCIÓN FÍSICA
Extensión volumen :
Otras características físicas ilustraciones, gráficas ;
Dimensiones 28 cm.
310 ## - PERIODICIDAD ACTUAL
Periodicidad actual Semestral.
336 ## - TIPO DE CONTENIDO
Término de tipo de contenido texto
Código de tipo de contenido txt
Fuente rdacontent
337 ## - TIPO DE MEDIO
Nombre/término del tipo de medio sin mediación
Código del tipo de medio n
Fuente rdamedia
338 ## - TIPO DE SOPORTE
Nombre/término del tipo de soporte volumen
Código del tipo de soporte nc
Fuente rdacarrier
362 ## - FECHAS DE PUBLICACIÓN Y/O DESIGNACIÓN SECUENCIAL
Fecha de publicación y/o designación secuencial Año 2012, octubre, Vol. 2, No. 3.
520 ## - SUMARIO, ETC.
Sumario, etc. Este documento presenta el noveno número de la Revista Actualidad Estadística publicada por la Escuela de Estadística de la Universidad Autónoma de Santo Domingo. Incluye artículos sobre temas como la educación superior en República Dominicana, la globalización y el pensamiento alternativo, y la deserción y repitencia escolar. Además, presenta información sobre la población afiliada a la Seguridad Social dominicana e indicadores de desigualdad de género en el país. La revista busca difundir investigación.
610 27 - PUNTO DE ACCESO ADICIONAL DE MATERIA--NOMBRE DE ENTIDAD CORPORATIVA
Nombre de entidad corporativa o nombre de jurisdicción como elemento de entrada Escuela de Estadística (UASD)
Subdivisión de forma Publicaciones seriadas
Fuente del encabezamiento o término lemb
9 (RLIN) 88103
650 #7 - PUNTO DE ACCESO ADICIONAL DE MATERIA--TÉRMINO DE MATERIA
Término de materia o nombre geográfico como elemento de entrada Estadística
Subdivisión general Historia
Subdivisión de forma Publicaciones seriadas
Fuente del encabezamiento o término lemb
9 (RLIN) 88104
650 #7 - PUNTO DE ACCESO ADICIONAL DE MATERIA--TÉRMINO DE MATERIA
Término de materia o nombre geográfico como elemento de entrada República Dominicana
Subdivisión general Censos
Subdivisión de forma Publicaciones seriadas
Fuente del encabezamiento o término lemb
9 (RLIN) 88105
942 ## - ELEMENTOS DE PUNTO DE ACCESO ADICIONAL (KOHA)
Fuente del sistema de clasificación o colocación Dewey Decimal Classification
Tipo de ítem Koha Publicación periódica
Existencias
Estado de retiro Estado de pérdida Fuente del sistema de clasificación o colocación Estado dañado Restricciones de uso No para préstamo Código de colección Localización permanente Ubicación/localización actual Fecha de adquisición Enumeración/cronología de publicación seriada Total de préstamos Código de barras Fecha visto por última vez Número de copia Precio válido a partir de Tipo de ítem Koha
    Dewey Decimal Classification   Préstamo en sala   Hemeroteca Biblioteca Nacional Pedro Henríquez Ureña Biblioteca Nacional Pedro Henríquez Ureña 13.06.2025 Año 2012, octubre, Vol. 2, No. 3   2025-5150 13.06.2025 e.1 13.06.2025 Publicación periódica

Con tecnología Koha